<?xml version="1.0" encoding="UTF-8"?>
<record
    xmlns:xsi="http://www.w3.org/2001/XMLSchema-instance"
    xsi:schemaLocation="http://www.loc.gov/MARC21/slim http://www.loc.gov/standards/marcxml/schema/MARC21slim.xsd"
    xmlns="http://www.loc.gov/MARC21/slim">

  <leader>00755nam a22002297a 4500</leader>
  <controlfield tag="005">20170315120942.0</controlfield>
  <datafield tag="010" ind1=" " ind2=" ">
    <subfield code="a">1617EN  ENG-116975</subfield>
  </datafield>
  <datafield tag="020" ind1=" " ind2=" ">
    <subfield code="a">9781138695689</subfield>
    <subfield code="c">1395.00</subfield>
  </datafield>
  <datafield tag="035" ind1=" " ind2=" ">
    <subfield code="a">B-649664</subfield>
  </datafield>
  <datafield tag="035" ind1=" " ind2=" ">
    <subfield code="a">EN-100507</subfield>
  </datafield>
  <datafield tag="037" ind1=" " ind2=" ">
    <subfield code="a">DPL</subfield>
    <subfield code="b">UPPAL</subfield>
  </datafield>
  <datafield tag="037" ind1=" " ind2=" ">
    <subfield code="b">DBAD/PUB</subfield>
  </datafield>
  <datafield tag="082" ind1=" " ind2=" ">
    <subfield code="a">305.4209</subfield>
  </datafield>
  <datafield tag="245" ind1=" " ind2=" ">
    <subfield code="a">Feminisms:</subfield>
    <subfield code="c">ed by Maggie Humm</subfield>
    <subfield code="b">a reader /</subfield>
  </datafield>
  <datafield tag="260" ind1=" " ind2=" ">
    <subfield code="a">New York</subfield>
    <subfield code="b">Routledge</subfield>
    <subfield code="c">2016</subfield>
  </datafield>
  <datafield tag="270" ind1=" " ind2=" ">
    <subfield code="a">711 third avenue</subfield>
    <subfield code="b">New York</subfield>
    <subfield code="e">NY 10017</subfield>
  </datafield>
  <datafield tag="300" ind1=" " ind2=" ">
    <subfield code="a">xx,420p.</subfield>
    <subfield code="c">24cm(pbk)</subfield>
  </datafield>
  <datafield tag="500" ind1=" " ind2=" ">
    <subfield code="a">inculds index</subfield>
  </datafield>
  <datafield tag="700" ind1=" " ind2=" ">
    <subfield code="a">Maggie Humm</subfield>
  </datafield>
  <datafield tag="942" ind1=" " ind2=" ">
    <subfield code="2">ddc</subfield>
    <subfield code="c">EN</subfield>
    <subfield code="h">305.4209</subfield>
    <subfield code="m">FEM</subfield>
  </datafield>
  <datafield tag="999" ind1=" " ind2=" ">
    <subfield code="c">102120</subfield>
    <subfield code="d">102120</subfield>
  </datafield>
  <datafield tag="952" ind1=" " ind2=" ">
    <subfield code="0">0</subfield>
    <subfield code="1">0</subfield>
    <subfield code="4">0</subfield>
    <subfield code="7">1</subfield>
    <subfield code="8">NFIC</subfield>
    <subfield code="a">DBAD</subfield>
    <subfield code="b">BN</subfield>
    <subfield code="d">2016-12-29</subfield>
    <subfield code="e">DBAD/PUB</subfield>
    <subfield code="g">1395.00</subfield>
    <subfield code="l">0</subfield>
    <subfield code="o">305.4209 FEM</subfield>
    <subfield code="p">EN-100507</subfield>
    <subfield code="r">2016-12-29 00:00:00</subfield>
    <subfield code="t">1</subfield>
    <subfield code="v">1395.00</subfield>
    <subfield code="y">EN</subfield>
  </datafield>
  <datafield tag="952" ind1=" " ind2=" ">
    <subfield code="0">0</subfield>
    <subfield code="1">0</subfield>
    <subfield code="4">0</subfield>
    <subfield code="7">0</subfield>
    <subfield code="8">NFIC</subfield>
    <subfield code="a">L</subfield>
    <subfield code="b">L</subfield>
    <subfield code="d">2017-03-15</subfield>
    <subfield code="e">BPPD/EN/2016-17/307/24.11.2016/13925/07.12.2016/02.01.2017</subfield>
    <subfield code="g">1395.00</subfield>
    <subfield code="l">28</subfield>
    <subfield code="m">36</subfield>
    <subfield code="o">305.4209 FEM</subfield>
    <subfield code="p">B-649664</subfield>
    <subfield code="r">2025-03-18 00:00:00</subfield>
    <subfield code="s">2025-02-01</subfield>
    <subfield code="t">1</subfield>
    <subfield code="v">1395.00</subfield>
    <subfield code="w">2017-03-15</subfield>
    <subfield code="y">EN</subfield>
  </datafield>
</record>
